00251nam a2200097Ia 4500082001900000100002000019245004800039260003700087300001000124504001900134 aRR 010.1 SAH-B aSahai, Shrinath 0aBibliographic methods and reading behaviour aDelhibOriental Publishersc1976 a200p. aIncludes index